Statistics for States that border Iowa

Click here to take the quiz!

General Stats

  • This quiz has been taken 546 times
  • The average score is 5 of 6

Answer Stats

HintAnswer% Correct
1Illinois
92%
3Missouri
92%
4Nebraska
92%
2Minnesota
91%
5South Dakota
88%
6Wisconsin
82%

Score Distribution

Percentile by Number Answered

Percent of People with Each Score

Your Score History

You have not taken this quiz